| 000 | 00530nam a2200157 4500 | ||
|---|---|---|---|
| 001 | 116527 | ||
| 003 | ES-MaACL | ||
| 005 | 20230906190724.0 | ||
| 007 | t| | ||
| 008 | 061121s1968 sp r ||||1| spa d | ||
| 100 | 1 |
_aPauli Meléndez, Antonio. _989654 |
|
| 245 | 1 | 3 |
_aEl Real Monasterio de Santa Isabel de Barcelona _b: (1564-1964) / _cAntonio Pauli Meléndez. |
| 260 |
_aBarcelona : _b[s. n.], _c1968 ( _fTip. Monasterio de Santa María de Poblet) |
||
| 300 |
_a70 p., 12 lám. ; _c21 cm. |
||
| 852 |
_aES-MaACL _jC-35250 _bR.68340 |
||
| 999 |
_c116527 _d116527 |
||